Central Library || Chittagong University

American foreign policy Since world war 11 ,/ (Record no. 109473)

MARC details
000 -LEADER
fixed length control field 00516nam a22001817a 4500
003 - CONTROL NUMBER IDENTIFIER
control field BD-ChCU
005 - DATE AND TIME OF LATEST TRANSACTION
control field 20251116122211.0
008 - FIXED-LENGTH DATA ELEMENTS--GENERAL INFORMATION
fixed length control field 251116b bg ||||| |||| 00| 0 ben d
040 ## - CATALOGING SOURCE
Transcribing agency BD-ChCU
082 ## - DEWEY DECIMAL CLASSIFICATION NUMBER
Classification number 327.73 SPA (8)
100 ## - MAIN ENTRY--PERSONAL NAME
Personal name Spanier , John.
9 (RLIN) 16207
245 ## - TITLE STATEMENT
Title American foreign policy Since world war 11 ,/
Statement of responsibility, etc. John , Spanier
250 ## - EDITION STATEMENT
Edition statement 8th ed.
260 ## - PUBLICATION, DISTRIBUTION, ETC.
Place of publication, distribution, etc. New York :
Name of publisher, distributor, etc. Holt, Rinehart ,
Date of publication, distribution, etc. C 1980
300 ## - PHYSICAL DESCRIPTION
Extent xi , 273p
650 #0 - SUBJECT ADDED ENTRY--TOPICAL TERM
Topical term or geographic name entry element U.S. - Foreign relations -1945.
9 (RLIN) 16208
942 ## - ADDED ENTRY ELEMENTS (KOHA)
Source of classification or shelving scheme Dewey Decimal Classification
Koha item type Books
Suppress in OPAC No
Holdings
Withdrawn status Lost status Source of classification or shelving scheme Damaged status Not for loan Home library Current library Shelving location Date acquired Source of acquisition Total Checkouts Full call number Barcode Date last seen Copy number Price effective from Koha item type
    Dewey Decimal Classification     Chittagong University Library Chittagong University Library Business and Social Science Reading Room 11/16/2025 Purchase   327.73 SPA (8) 120638 11/16/2025 C-1 11/16/2025 Books
    Dewey Decimal Classification     Chittagong University Library Chittagong University Library Business and Social Science Reading Room 11/16/2025 Purchase   327.73 SPA (8) 120639 11/16/2025 C-2 11/16/2025 Books
© Copyright 2026. Chittagong University Library, Installation and Maintenance by Prof. Dr. Md. Alamgir, 01711306253